Messages Workbook: Powerful Strategies for Effective Communication At work and Home | Messages Workbook: Powerful Strategies for Effective Communication At work and Home (Record no. 320522)
[ view plain ]
| 000 -LEADER | |
|---|---|
| fixed length control field | 00808 a2200181 4500 |
| 000 - LEADER | |
| fixed length control field | |
| 001 - CONTROL NUMBER | |
| control field | 85449 |
| 022 ## - INTERNATIONAL STANDARD SERIAL NUMBER | |
| International Standard Serial Number | 978157224371252195 |
| -- | 978157224371252195 |
| 082 ## - DEWEY DECIMAL CLASSIFICATION NUMBER | |
| Classification number | 302.2 MAR |
| -- | 302.2 MAR |
| 090 ## - LOCALLY ASSIGNED LC-TYPE CALL NUMBER (OCLC); LOCAL CALL NUMBER (RLIN) | |
| -- | 40137 |
| -- | 40137 |
| -- | 40136 |
| -- | 40136 |
| 100 ## - MAIN ENTRY--PERSONAL NAME | |
| Personal name | Martha Davis; patrick Fanning; Kim Paleg |
| -- | Martha Davis; patrick Fanning; Kim Paleg |
| 245 ## - TITLE STATEMENT | |
| Title | Messages Workbook: Powerful Strategies for Effective Communication At work and Home |
| -- | Messages Workbook: Powerful Strategies for Effective Communication At work and Home |
| Medium | English |
| -- | English |
| 250 ## - EDITION STATEMENT | |
| Edition statement | 1st |
| -- | 1st |
| 260 ## - PUBLICATION, DISTRIBUTION, ETC. | |
| Place of publication, distribution, etc. | USA |
| -- | USA |
| Name of publisher, distributor, etc. | New Harbinger Publications |
| -- | New Harbinger Publications |
| Date of publication, distribution, etc. | 2004 |
| -- | 2004 |
| 300 ## - PHYSICAL DESCRIPTION | |
| Extent | v, 232p. |
| -- | v, 232p. |
| 500 ## - GENERAL NOTE | |
| General note | DOS BS Reference Books |
| -- | DOS BS Reference Books |
| 505 ## - FORMATTED CONTENTS NOTE | |
| Formatted contents note | Gifted Books |
| -- | Gifted Books |
| 942 ## - ADDED ENTRY ELEMENTS (KOHA) | |
| Institution code [OBSOLETE] | caenust |
| -- | caenust |
| Call number prefix | 302.2 MAR |
| -- | 302.2 MAR |
| Withdrawn status | Lost status | Damaged status | Not for loan | Collection code | Permanent Location | Current Location | Date acquired | Total Checkouts | Full call number | Barcode | Date last seen | Price effective from | Koha item type |
|---|---|---|---|---|---|---|---|---|---|---|---|---|---|
| College of Aeronautical Engineering (CAE) | College of Aeronautical Engineering (CAE) | 04/03/2017 | 302.2 MAR | 302.2 MAR | CAE84278 | 04/05/2017 | 04/05/2017 | Book | ||||||
| College of Aeronautical Engineering (CAE) | College of Aeronautical Engineering (CAE) | 04/03/2017 | 302.2 MAR | 302.2 MAR | CAE84282 | 04/05/2017 | 04/05/2017 | Book | ||||||
| College of Aeronautical Engineering (CAE) | College of Aeronautical Engineering (CAE) | 04/03/2017 | 302.2 MAR | 302.2 MAR | CAE84281 | 04/05/2017 | 04/05/2017 | Book | ||||||
| College of Aeronautical Engineering (CAE) | College of Aeronautical Engineering (CAE) | 04/03/2017 | 302.2 MAR | 302.2 MAR | CAE84280 | 04/05/2017 | 04/05/2017 | Book | ||||||
| College of Aeronautical Engineering (CAE) | College of Aeronautical Engineering (CAE) | 04/03/2017 | 302.2 MAR | 302.2 MAR | CAE84279 | 04/05/2017 | 04/05/2017 | Book |
